|
|
|
|
| LEADER |
00881nam a22002412a 4500 |
| 001 |
000046419 |
| 003 |
CZ BrMZK |
| 005 |
19951201143423.0 |
| 008 |
951201m19909999xo f slo d |
| 020 |
|
|
|a 80-05-00637-3
|
| 040 |
|
|
|a BOA001
|b cze
|
| 080 |
|
|
|a 372.854(075.3):377.35
|2 MRF
|
| 100 |
1 |
|
|a Kadlec, Miroslav
|7 jx20051107005
|
| 245 |
1 |
0 |
|a Chémia I pre 1. ročník SOU :
|b učebnica pre ... učebný odbor prevádzkový chemik, pre všetky zamerania (ASR 32-7-1114) /
|c Miroslav Kadlec
|
| 250 |
|
|
|a 1. vyd.
|
| 260 |
|
|
|a Bratislava :
|b Alfa,
|c 1990
|
| 300 |
|
|
|a 337 s.
|
| 490 |
1 |
|
|a Edícia chemickej literatúry
|
| 830 |
|
0 |
|a Edícia chemickej literatúry (Alfa)
|
| 910 |
|
|
|a BOA001
|b PK-0114.279
|
| 964 |
|
|
|a Chemie - učebnice - učiliště odborná střední
|
| 990 |
|
|
|a BK
|
| 996 |
7 |
|
|b 3119983179
|c PK-0114.279
|l MZK
|r Sklad / do 1 hodiny
|n 0
|w 000046419
|u 000010
|a 1
|e BOA001
|j MZK50
|s A
|